High temperature electrolysis in large-scale hydrogen production / (رقم التسجيلة. 32140)

تفاصيل مارك
000 -الفاتح
حقل البيانات ثابتة الطول 01315cam a2200349 a 4500
001 - رقم الضبط
رقم الضبط 16178790
003 - محدد رقم الضبط
رقم الضبط OSt
005 - وقت وتاريخ اخر تعامل مع التسجيلة
رقم الضبط 20150408114152.0
008 - عناصر البيانات ثابتة الطول - معلومات عامة
حقل البيانات ثابتة الطول 100409s2010 nyua b 001 0 eng
010 ## - رقم ضبط مكتبة الكونجرس
رقم ضبط مكتبة الكونجرس 2010012222
015 ## - رقم الببليوجرافية الوطنية
رقم الببليوجرافية الوطنية GBB050177
المصدر bnb
016 7# - رقم ضبط الوكاله الوطنية للضبط الببليوجرافي
رقم ضبط التسجيلة 015530120
المصدر Uk
020 ## - الرقم الدولى المعيارى للكتب
الرقم الدولى المعيارى للكتاب 9781616682972 (softcover)
020 ## - الرقم الدولى المعيارى للكتب
الرقم الدولى المعيارى للكتاب 1616682973 (softcover)
035 ## - رقم ضبط النظام
رقم ضبط النظام (OCoLC)ocn535491589
040 ## - مصدر الفهرسة
وكالة الفهرسة الأصلية DLC
وكالة النسخ DLC
وكالة التعديل YDX
-- BTCTA
-- YDXCP
-- UKM
-- DLC
050 00 - رقم طلب مكتبة الكونجرس
رقم التصنيف TP261.H9
رقم المادة B63 2010
082 00 - رقم تصنيف ديوى العشرى
رقم التصنيف 665.8/1
رقم الطبعة 22
رقم المادة BYH
100 1# - المدخل الرئيسى - إسم شخصى
الإسم الشخصى Bo, Yu,
التواريخ المصاحبة للاسم 1975-
9 (RLIN) 39960
245 10 - بيان العنوان
العنوان High temperature electrolysis in large-scale hydrogen production /
بيان المسئوليه,etc Yu Bo and Xu Jingming.
260 ## - PUBLICATION, DISTRIBUTION, ETC. (IMPRINT)
مكان الناشر او الموزع New York :
اسم الناشر او الموزع Nova Science Publishers,
تاريخ النشر أو التوزيع c2010.
300 ## - الوصف المادى
التعداد 79 p. :
تفاصيل ماديه اخرى للوعاء ill. (some col.) ;
أبعاد الوعاء 23 cm.
490 1# - بيان السلسلة
عنوان السلسلة Energy science, engineering and technology
504 ## - تبصرة ببليوجرافية
تبصرة ببليوجرافية,الخ Includes bibliographical references and index.
650 #0 - المدخل الاضافى بالموضوع-مصطلح موضوعى
مصطلح موضوعي أو اسم جغرافي كعنصر مدخل Hydrogen as fuel.
9 (RLIN) 39961
650 #0 - المدخل الاضافى بالموضوع-مصطلح موضوعى
مصطلح موضوعي أو اسم جغرافي كعنصر مدخل High temperature electrolysis.
9 (RLIN) 39962
700 1# - المدخل الاضافى - اسم شخصى
الإسم الشخصى Jingming, Xu,
التواريخ المصاحبة للاسم 1945-
9 (RLIN) 39963
830 #0 - المدخل الاضافى بالسلسلة -عنوان موحد
عنوان موحد Energy science, engineering and technology series.
9 (RLIN) 39964
906 ## - عنصر بيانات محلى F, LDF (RLIN)
a 7
b cbc
c orignew
d 1
e ecip
f 20
g y-gencatlg
942 ## - عناصر المدخل الإضافي( كوها)
مصدر التصنيف او مخطط الترفيف Dewey Decimal Classification
Koha [default] item type DVD
المقتنيات
حالة الفقد نموذج السعر الفعال حالة تلف ليس للاعارة رقم الطلب تاريخ الاكتساب الموقع الحالي الفرع الرئيسي Date last seen نوع المادة فى نظام كوها مصدر التصنيف او خطة الترفيف Total Checkouts
  2013-11-16     665.8/1 BYH 2013-11-16 المكتبة المركزية بالمجمعة (CL) المكتبة المركزية بالمجمعة (CL) 2013-11-16 كتاب Dewey Decimal Classification